ग्रहों-नक्षत्रों का अन्तरिक्षी अध्ययन / (Record no. 120081)

MARC details
000 -LEADER
fixed length control field 01260nam a22002657a 4500
005 - DATE AND TIME OF LATEST TRANSACTION
control field 20170124103152.0
010 ## - LIBRARY OF CONGRESS CONTROL NUMBER
LC control number A-806752
020 ## - INTERNATIONAL STANDARD BOOK NUMBER
Terms of availability 150.00
035 ## - SYSTEM CONTROL NUMBER
System control number A-806752
037 ## - SOURCE OF ACQUISITION
Source of stock number/acquisition Cen Lib/Ret
040 ## - CATALOGING SOURCE
Original cataloging agency DPL
Language of cataloging HN
082 ## - DEWEY DECIMAL CLASSIFICATION NUMBER
Classification number 523
Item number चतुर्वे
100 ## - MAIN ENTRY--PERSONAL NAME
Personal name चतुर्वेदी, रामस्वरूप
9 (RLIN) 45
245 ## - TITLE STATEMENT
Title ग्रहों-नक्षत्रों का अन्तरिक्षी अध्ययन /
Statement of responsibility, etc रामस्वरूप चतुर्वेदी
246 ## - VARYING FORM OF TITLE
Title proper/short title Grahon-nakshatron ka antarikshiya adhayayan /
Remainder of title by Ram Swaroop Chaturvedi
260 ## - PUBLICATION, DISTRIBUTION, ETC. (IMPRINT)
Place of publication, distribution, etc नई दिल्ली
Name of publisher, distributor, etc अलंकार प्रकाशन
Date of publication, distribution, etc 1996
270 ## - ADDRESS
Address 3611, सुभाष मार्ग, दरियागंज
City नई दिल्ली
Postal code 110002
300 ## - PHYSICAL DESCRIPTION
Extent 194पृ.
Dimensions 21सेमी (सजिल्द)
500 ## - GENERAL NOTE
General note सन्दर्भ सूची शामिल
650 ## - SUBJECT ADDED ENTRY--TOPICAL TERM
Topical term or geographic name as entry element खगोल शास्त्र
9 (RLIN) 88436
650 ## - SUBJECT ADDED ENTRY--TOPICAL TERM
Topical term or geographic name as entry element नक्षत्रों और ग्रहों का अध्ययन
9 (RLIN) 88437
650 ## - SUBJECT ADDED ENTRY--TOPICAL TERM
Topical term or geographic name as entry element Astronomy
9 (RLIN) 88438
650 ## - SUBJECT ADDED ENTRY--TOPICAL TERM
Topical term or geographic name as entry element Study stars and planets
9 (RLIN) 88439
942 ## - ADDED ENTRY ELEMENTS (KOHA)
Source of classification or shelving scheme Dewey Decimal Classification
Koha item type Hindi Books
Classification part 523
Call number suffix चतुर्वे
Holdings
Withdrawn status Lost status Damaged status Not for loan Home library Current library Date acquired Source of acquisition Cost, normal purchase price Total Checkouts Full call number Barcode Date last seen Copy number Cost, replacement price Price effective from Koha item type
        Central Library Central Library 21/09/2015 Cen Lib/Ret 150.00   523 चतुर्वे A-806752 21/09/2015 1 150.00 21/09/2015 Hindi Books

© Delhi Public Library
Hit Counter
free hit counter